[Event "Copenhagen GoAudit op"]
[Site "Copenhagen"]
[Date "2019.11.09"]
[Round "5"]
[White "Frank Nielsen, Marie"]
[Black "Kustagi, Zeeshan"]
[Result "1-0"]
[WhiteElo "1989"]
[BlackElo "1685"]
[PlyCount "85"]
[EventDate "2019.11.08"]
[EventType "swiss"]
[EventRounds "8"]
[EventCountry "DEN"]
[SourceTitle "EXT 2021"]
[Source "ChessBase"]
[SourceDate "2020.10.23"]
[SourceVersion "1"]
[SourceVersionDate "2020.10.23"]
[SourceQuality "1"]

1. e4 c5 2. b3 e6 3. c4 Nc6 4. Bb2 d6 5. Ne2 Nge7 6. d4 cxd4 7. Nxd4 Nxd4 8. Qxd4 Nc6 9. Qd2 e5 10. Be2 Be7 11. 0-0 0-0 12. Na3 Bg5 13. Qd1 Qe7 14. Nb5 Rd8 15. Ba3 a6 16. Nxd6 Qe6 17. c5 Rd7 18. h3 Nd4 19. Bg4 Qg6 20. Nxc8 Rxc8 21. Bxd7 Rd8 22. Bf5 Qf6 23. Qg4 g6 24. h4 Bxh4 25. Bd7 h5 26. Qh3 Ne2+ 27. Kh1 Nf4 28. Qf3 Rxd7 29. Rad1 Rc7 30. g3 g5 31. gxf4 g4 32. Qg2 exf4 33. Rd6 Qg7 34. b4 Be7 35. Rd5 h4 36. f3 g3 37. Bb2 Qh7 38. Qh3 Rc6 39. Kg2 b6 40. Rfd1 Bf8 41. Rg5+ Rg6 42. Rxg6+ Qxg6 43. Qxh4 1-0

[Event "Helsingor Xtracon op"]
[Site "Helsingor"]
[Date "2019.07.28"]
[Round "10"]
[White "Damm, Henrik"]
[Black "Kustagi, Zeeshan"]
[Result "1/2-1/2"]
[WhiteElo "1591"]
[BlackElo "1690"]
[PlyCount "167"]
[EventDate "2019.07.20"]
[EventType "swiss"]
[EventRounds "10"]
[EventCountry "DEN"]
[SourceTitle "CBM 191 Extra"]
[Source "ChessBase"]
[SourceDate "2019.09.30"]
[SourceVersion "1"]
[SourceVersionDate "2019.09.30"]
[SourceQuality "1"]

1. c4 e5 2. Nc3 Nf6 3. Nf3 Nc6 4. g3 g6 5. Bg2 Bg7 6. 0-0 0-0 7. d4 exd4 8. Nxd4 Ne5 9. b3 Re8 10. Bb2 d6 11. Re1 Rb8 12. e3 Bd7 13. Qc2 Nfg4 14. h3 Nh6 15. f4 Nc6 16. Rad1 Nxd4 17. exd4 Rxe1+ 18. Rxe1 Bxd4+ 19. Kh2 Nf5 20. Nd1 Bxb2 21. Qxb2 Ng7 22. Qf2 a6 23. Nc3 Ne6 24. f5 Nc5 25. fxg6 hxg6 26. Rf1 f5 27. Nd5 c6 28. Nf4 Qf6 29. Rd1 Rd8 30. Qd4 Qxd4 31. Rxd4 Be8 32. b4 Na4 33. h4 Rd7 34. a3 Kg7 35. Rd1 Kf6 36. Re1 Bf7 37. Bf1 Nb6 38. Rc1 c5 39. Be2 Re7 40. Rd1 Rd7 41. Rc1 Rc7 42. Rd1 Ke7 43. Rc1 cxb4 44. axb4 Nxc4 45. Bxc4 Rxc4 46. Rxc4 Bxc4 47. Nxg6+ Kf6 48. h5 Kg5 49. Nf4 b6 50. Ng2 Kxh5 51. Ne3 Be6 52. Nc2 a5 53. bxa5 bxa5 54. Kg2 a4 55. Kf2 Bb3 56. Na3 Kg4 57. Kg2 d5 58. Kf2 d4 59. Nb5 d3 60. Ke3 Kxg3 61. Kxd3 f4 62. Nd4 f3 63. Nxf3 Kxf3 64. Kc3 Ke2 65. Kb2 Kd2 66. Kb1 Kc3 67. Ka1 Bg8 68. Kb1 a3 69. Ka1 Kb3 70. Kb1 Ka4 71. Ka1 Kb4 72. Kb1 Bh7+ 73. Ka1 Ka4 74. Ka2 Bg8+ 75. Ka1 Kb4 76. Kb1 Kc3 77. Ka1 Kb3 78. Kb1 Bh7+ 79. Ka1 Ka4 80. Ka2 Bc2 81. Ka1 Bb3 82. Kb1 Kb4 83. Ka1 Kb5 84. Kb1 1/2-1/2

[Event "Helsingor Xtracon op"]
[Site "Helsingor"]
[Date "2019.07.21"]
[Round "2"]
[White "Arndt, Uwe"]
[Black "Kustagi, Zeeshan"]
[Result "1-0"]
[WhiteElo "1922"]
[BlackElo "1690"]
[PlyCount "91"]
[EventDate "2019.07.20"]
[EventType "swiss"]
[EventRounds "10"]
[EventCountry "DEN"]
[SourceTitle "CBM 191 Extra"]
[Source "ChessBase"]
[SourceDate "2019.09.30"]
[SourceVersion "1"]
[SourceVersionDate "2019.09.30"]
[SourceQuality "1"]

1. d4 d5 2. c4 c6 3. cxd5 cxd5 4. Nc3 Nf6 5. Nf3 Nc6 6. Bf4 Bf5 7. e3 Qb6 8. Bb5 a6 9. Bxc6+ bxc6 10. Qe2 h6 11. 0-0 g5 12. Bg3 Bg7 13. Rfc1 Rc8 14. Ne5 0-0 15. b3 Nd7 16. Na4 Qb5 17. Qxb5 cxb5 18. Nxd7 Bxd7 19. Nc5 Bf5 20. Nxa6 e6 21. Nc7 Rb8 22. Rc5 b4 23. Rac1 Rb6 24. h3 Rc8 25. Nxd5 exd5 26. Rxc8+ Bxc8 27. Rxc8+ Kh7 28. Ra8 Kg6 29. Ra5 Rb7 30. Bd6 Bf6 31. Ra4 Rb6 32. Bxb4 Rc6 33. Bc5 Bd8 34. b4 Kf5 35. b5 Rc8 36. Ra7 Ke4 37. a4 Kd3 38. b6 Bxb6 39. Bxb6 Rc1+ 40. Kh2 f5 41. Rf7 Ke4 42. Re7+ Kd3 43. Re5 f4 44. exf4 gxf4 45. g3 f3 46. Re3+ 1-0

[Event "Koge Weekend B"]
[Site "Koge"]
[Date "2019.05.03"]
[Round "1"]
[White "Skjoldborg, Lasse Dahl"]
[Black "Kustagi, Zeeshan"]
[Result "0-1"]
[WhiteElo "1188"]
[BlackElo "1393"]
[PlyCount "60"]
[EventDate "2019.05.03"]
[EventType "tourn"]
[EventRounds "5"]
[EventCountry "DEN"]
[SourceTitle "EXT 2020"]
[Source "ChessBase"]
[SourceDate "2019.10.17"]
[SourceVersion "1"]
[SourceVersionDate "2019.10.17"]
[SourceQuality "1"]

1. e4 e5 2. Nf3 Nc6 3. Bc4 Bc5 4. Nc3 Nf6 5. a3 a5 6. h3 0-0 7. 0-0 d6 8. d3 h6 9. Bd2 Be6 10. Nd5 Bxd5 11. exd5 Ne7 12. c3 Nexd5 13. b4 axb4 14. cxb4 Ba7 15. Qb3 Nb6 16. Rae1 Nxc4 17. Qxc4 Re8 18. Qb5 Bb6 19. Bc1 Qd7 20. Qc4 Nh5 21. Qh4 Nf6 22. Bxh6 gxh6 23. Qxf6 Qe6 24. Qh4 Rxa3 25. d4 e4 26. Rxe4 Qxe4 27. Qxh6 Qg6 28. Qf4 Re4 29. Qc1 Rxf3 30. g3 Rxg3+ 0-1